Controlling v logistice. 2

Riešenie problému controllingu v logistike. Systém ukazovateľov logistiky. Podklady logistickej analýzy. Vytvorenie logistickej siete. Stále a dočasné ukazovatele logistickej siete. Limity odchýlok. Analýza odchýlok. Objektívne a subjektívne príčiny odchýlok. Zmenové a odchýlkové riadenie.

Enregistré dans:
Détails bibliographiques
Auteur principal: Petrbok, I.
Format: Chapitre de livre
Langue:tchèque
Sujets:
Tags: Ajouter un tag
Pas de tags, Soyez le premier à ajouter un tag!

MARC

LEADER 00000naa a2200000 4500
001 r022006
005 20230922085835.6
041 0 |a cze 
044 |a CZ 
245 1 0 |a Controlling v logistice. 2  |c I. Petrbok 
520 |a Riešenie problému controllingu v logistike. Systém ukazovateľov logistiky. Podklady logistickej analýzy. Vytvorenie logistickej siete. Stále a dočasné ukazovatele logistickej siete. Limity odchýlok. Analýza odchýlok. Objektívne a subjektívne príčiny odchýlok. Zmenové a odchýlkové riadenie. 
610 2 0 |a logistika 
610 2 0 |a kontroling 
610 2 0 |a kontroling logistický 
610 2 0 |a ukazovatele 
100 1 |a Petrbok, I.